LEADER 01478nam a2200325 u 4500 001 000000079114 003 CaOOAMICUS 005 20070226123514.0 008 040526s2001 it a u000 u ita u 020 $a8882720993 035 $a10996812 040 $aPUL$bita 041 0 $aita$hfre 245 02$aL'alba dei sensi :$bopera collettiva sulle percezioni sensoriali fetali e neonatali /$ca cura di Etienne Herbinet e Marie-Claire Busnel ; versione italiana curata da Carlo Bellieni. 260 $aSiena :$bCantagalli,$cc2001. 300 $a414 p. :$bill. ;$c21 cm 500 $aTitolo originale dell'opera: L'aube des sens. 504 $aComprende bibliografia. 650 4$aNeonato.$0(OLS)http://pul/subject/27512 650 4$aFeto.$0(OLS)http://pul/subject/19810 650 4$aPercezione.$0(OLS)http://pul/subject/64 700 1 $aHerbinet, Étienne.$0(OLS)http://pul/name/52704 700 1 $aBellieni, Carlo,$d1962-$0(OLS)http://pul/name/52706 700 1 $aBusnel, Marie-Claire.$0(OLS)http://pul/name/52705 850 $aPUL 852 $aPUL$W1$xCollocazioni Temporanee$y24$mP.10.B.77$j101315$nBK-PRI$b $qStampati$B101315$CPULBib$Z2$F101315 $HPUL87018 $81 941 1 $a8 996 $6020$a8882720993$9(OLS)http://pul/number/103834 996 $6245$aL'alba dei sensi :$bopera collettiva sulle percezioni sensoriali fetali e neonatali$9(OLS)http://pul/title/103563 996 $6260$aSiena :$bCantagalli$9(OLS)http://pul/publisher/48759 LEADER 01149nam a2200277 u 4500 001 000000106597 003 CaOOAMICUS 005 20070903111813.0 008 070903s1999 fr u000 u fre u 020 $a2-204-06301-0 040 $aPUL$bita$dPG 100 1 $aGrelot, Pierre,$csacerdote,$d1917-2009.$0(OLS)http://pul/name/2788 245 10$aCorps et sang du Christ en gloire :$benquête dogmatique /$cPierre Grelot. 260 $aParis :$bLes Éditions du Cerf,$c1999. 300 $a180 p. ;$c23 cm. 490 1 $aLectio divina ;$v182 650 14$aCristologia.$0(OLS)http://pul/subject/1402 830 0$aLectio divina ;$v182.$0(OLS)http://pul/title/3461 850 $aPUL 852 $aPUL$W1$xSL Religione 1$y3$m9 I 182$j120530$qStampati$B119776$CPULBib$Z2$F119776 $H80969 $82 941 1 $a8 960 $aIesus Christus$91402 960 $aIesus Christus$91402 996 $6020$a2-204-06301-0$9(OLS)http://pul/number/135361 996 $6245$aCorps et sang du Christ en gloire :$benquête dogmatique$9(OLS)http://pul/title/134221 996 $6260$aParis :$bLes Éditions du Cerf$9(OLS)http://pul/publisher/47861